000 00538nam a22001937a 4500
005 20251108174921.0
008 250721s2000 xx 000 0 ara d
082 1 4 _a791.437/فيل
100 1 _aفلد، سد
245 1 0 _aالسيناريو /
264 1 _aالقاهرة :
_bمكتبة مدبولي،
_c2000.
300 _a233 ص.
650 1 7 _aالسيناريوهات
650 1 7 _aالسينما
650 1 7 _aإدارة السينما
700 1 _aمحمد، سامي
_eمترجم
942 _2ddc
_cBK
999 _c121463
_d121463